| 000 | 00714nam a2200229 a 4500 | ||
|---|---|---|---|
| 001 | BRCA_8008 | ||
| 005 | 20190320210108.0 | ||
| 008 | 180314s1968----mx-a###f##---#000-0#spa-# | ||
| 041 | _aspa | ||
| 044 | _amx | ||
| 050 | 4 |
_aF1386 _b.P28 _c1968 |
|
| 245 | 1 | 0 |
_aPaseos y viajes a San Ángel en el siglo XIX _cDibujos por Elizabeth Millioud. |
| 260 |
_aMéxico _bLibros de México _c1968 |
||
| 300 |
_a44 p. _bil. _c12 cm. |
||
| 500 | _a3136 | ||
| 504 | _aBibliografía p. 43-44 | ||
| 650 | 1 | 4 |
_aSan Ángel _vDescripción y viajes _zMéxico (Ciudad de México) _919888 |
| 650 | 1 | 4 |
_aSan Ángel _vSiglo XIX _zMéxico (Ciudad de México) _919889 |
| 700 | 1 |
_aMillioud, Elizabeth _919772 |
|
| 902 | _aGFM | ||
| 942 |
_2lcc _cB |
||
| 999 |
_c7677 _d7677 |
||